GRABERS TEXT BOOK OF ORTHODONTICS (Record no. 4582)

MARC details
000 -LEADER
fixed length control field 00360nam a2200145Ia 4500
008 - FIXED-LENGTH DATA ELEMENTS--GENERAL INFORMATION
fixed length control field 150201s2009 xx 000 0 und d
082 ## - DEWEY DECIMAL CLASSIFICATION NUMBER
Classification number 617.6432
Item number G2009P
100 ## - MAIN ENTRY--PERSONAL NAME
Personal name PREM KUMAR
245 ## - TITLE STATEMENT
Title GRABERS TEXT BOOK OF ORTHODONTICS
250 ## - EDITION STATEMENT
Edition statement 4TH
260 ## - PUBLICATION, DISTRIBUTION, ETC. (IMPRINT)
Name of publisher, distributor, etc. SAUNDERS
Place of publication, distribution, etc. PHILADELPHIA
Date of publication, distribution, etc. 2009
300 ## - PHYSICAL DESCRIPTION
Extent 1-752
650 ## - SUBJECT ADDED ENTRY--TOPICAL TERM
Topical term or geographic name as entry element ORTHODONTICS
942 ## - ADDED ENTRY ELEMENTS (KOHA)
Source of classification or shelving scheme Dewey Decimal Classification
Koha item type Books
Koha issues (borrowed), all copies 14
Holdings
Withdrawn status Lost status Source of classification or shelving scheme Damaged status Not for loan Home library Current library Date acquired Source of acquisition Cost, normal purchase price Serial Enumeration / chronology SGTU Bill Number Total Checkouts Full call number Barcode Date last seen Date last checked out Bill Date Koha item type Checked out
    Dewey Decimal Classification     SGT Dental Library SGT Dental Library 17/11/2010 U.B.S.DELHI 795.00 1 SGTU 664 2 617.6432 G2009P FD6331 27/08/2018 27/08/2018 08/04/2013 Books  
    Dewey Decimal Classification     SGT Dental Library SGT Dental Library 17/11/2010 U.B.S.DELHI 795.00 1 SGTU 664 10 617.6432 G2009P FD6332 03/02/2026 14/01/2026 08/04/2013 Books  
    Dewey Decimal Classification     SGT Dental Library SGT Dental Library 17/11/2010 U.B.S.DELHI 795.00 1 SGTU 664 2 617.6432 G2009P FD6333 21/05/2026 21/05/2026 08/04/2013 Books 04/06/2026
    Dewey Decimal Classification     SGT Dental Library SGT Dental Library 17/11/2010 U.B.S.DELHI 795.00 1 SGTU 664 12 617.6432 G2009P FD6334 24/01/2024 20/01/2024 08/04/2013 Books  
    Dewey Decimal Classification     SGT Dental Library SGT Dental Library 17/11/2010 U.B.S.DELHI 795.00 1 SGTU 664 11 617.6432 G2009P FD6335 12/05/2023 12/05/2023 08/04/2013 Books